Under/Over - Gracie Abrams - Statistics

General Stats
  • This quiz has been taken 37 times
  • The average score is 151 of 185
Answer Stats
Hint Answer % Correct
an
100%
go
100%
I
100%
in
100%
that
100%
the
100%
be
95%
not
95%
over
95%
to
95%
too
95%
you
95%
you?
95%
and
90%
but
90%
for
90%
on
90%
our
90%
time
90%
when
90%
back
86%
got
86%
hands
86%
I'm
86%
much
86%
my
86%
so
86%
still
86%
underwater
86%
up
86%
we
86%
about
81%
don't
81%
How
81%
it
81%
of
81%
think
81%
Used
81%
your
81%
caught
76%
chasing
76%
could
76%
Verse 1 Funny
76%
get
76%
head?
76%
never
76%
planned
76%
repeat
76%
things
76%
was
76%
all
71%
am
71%
barely
71%
bed
71%
feelings
71%
had
71%
letters
71%
sent
71%
sleeping
71%
understand
71%
Wake
71%
wrote
71%
you're
71%
You're
71%
come
67%
Going
67%
good
67%
memories
67%
out
67%
Swimming
67%
Can
62%
deep
62%
end
62%
floating
62%
I'd
62%
months
62%
pictures
62%
Verse 2 Thought
62%
constantly
57%
down
57%
every
57%
from
57%
honest?
57%
How'd
57%
just
57%
room
57%
confused
52%
day
52%
looking
52%
now
52%
opening
52%
took
52%
door
48%
easier
48%
everything's
48%
getting
48%
leading
48%
Maybe
48%
closing
43%
fourth
38%
No matching quizzes found
Score Distribution
Percent of People with Each Score
Percentile by Number Answered
Your Score History
You have not taken this quiz